| 000 | 00977nam a2200241Ia 4500 | ||
|---|---|---|---|
| 999 |
_c34755 _d34755 |
||
| 001 | 553 | ||
| 003 | GE_BSU | ||
| 005 | 20221101125120.0 | ||
| 008 | 181216s2008||||ge |||||||||||||| ||geo|| | ||
| 020 | _a9789941122828 | ||
| 040 | _cGE_BSU | ||
| 041 | _ageo | ||
| 080 | _a336.22(075.8) | ||
| 100 |
_aვერულიძე, ვაჟა _92959 |
||
| 245 |
_aგადასახადები და საგადასახადო დაბეგვრა : _b სახელმძღვანელო / _cვაჟა ვერულიძე ; რედ. მურმან ცარციძე. |
||
| 264 |
_aთბილისი : _bუნივერსალი, _c2008. |
||
| 300 |
_a450 გვ.: _bცხრ. ; _c20 სმ. |
||
| 504 | _aბიბლიოგრ.: გვ. 448-450. | ||
| 541 | _h18 ლ. | ||
| 653 | _aგადასახადები საქართველოში | ||
| 653 | _aდაბეგვრა | ||
| 942 |
_cBK _2udc |
||